Responses for Show #3519 - Thursday, December 16, 1999

Darlene Lieblich game 5.

Contestants

[<< previous game]

Ryan Rupe, a Lutheran pastor from Pearland, Texas

Leslie Glover, a graduate student from Conyers, Georgia

Darlene Lieblich, a television executive from Van Nuys, California (whose 4-day cash winnings total $30,497)

[next game >>]

Jeopardy! Round responses

DISCOVERY CHANNEL
GAME SHOW NETWORK
COURT TV
WEATHER CHANNEL
USA
PLAY"BOY"
    $100 21
(Alex: Less than a minute to go.)

Lewis & Clark

Darlene
    $100 11
(Darlene: What is I've Got A Secret?)

What's My Line?

Darlene
Triple Stumper
    $100 16
(Leslie: What is recess?)

adjourn

Leslie
Triple Stumper
    $100 4
South Dakota

Ryan
    $100 1
Boy Scouts

Darlene
    $200 12
The Price Is Right

Darlene
    $200 17
Supreme Court

Darlene
    $200 24
[The end-of-round signal sounds.]

a cold front

Leslie
    $200 5
Wisconsin

Darlene
    $200 2
Little Boy Blue

Darlene
    $300 13
Markie Post

Darlene
    $300 18
(Ryan: What is an audit?)

probate

DarleneRyan
    $300 6
(Darlene: What is the Library of Congress?)
(Ryan: What are the National Archives?)

the Folger Library

DarleneRyan
Triple Stumper
    $300 3
(Alex: Now why would a priest know that?)
(Ryan: Long story, Alex!)

"Boytoy"

Ryan
    $400 23
(Ryan: Who is Captain Bligh?)

Henry Hudson

Ryan
Triple Stumper
    $400 14
Password

Darlene
    $400 19
Summary court-martial

Triple Stumper
    $500 9
Falls Church

Darlene
    $400 7
"Let's Hear It for the Boy"

Darlene
    $500 22
(Ryan: What is Victoria?)

Lake Rudolf

Ryan
Triple Stumper
    $500 15
Match Game

Darlene
    $500 20
Star Chamber

Darlene
    $500 10
North & South Carolina

Triple Stumper
    $500 8
The Winslow Boy

Triple Stumper

Scores at the first commercial break (after clue 12):

Darlene Leslie Ryan
$1,200 $0 $100

Scores at the end of the Jeopardy! Round:

Darlene Leslie Ryan
$3,500 $100 -$1,100

Double Jeopardy! Round responses

ART HISTORY
THE OSCARS
A CATEGORY OF A WHALE
BIBLICAL SPEAKERS
BOOKS FOR YOUR DOG
HIDDEN DEADLY SINS
(Alex: This is sort of a "words within words" category; within each clue, perhaps in one word, perhaps in two, there will be one of the deadly sins.)
    $200 26
[The end-of-round signal sounds.]

oil

Darlene
    $200 14
Henry Fonda

Ryan
    $200 11
"Thar she blows"

Darlene
    $200 1
(Ryan: Who is Eve?)

Adam

LeslieRyan
    $200 21
Millie

Triple Stumper
    $200 2
anger (in ranger)

Triple Stumper
    $400 17
Costuming

Darlene
    $400 12
Fluke

Triple Stumper
    $400 7
Solomon

Darlene
    $400 22
"Old Yeller"

Leslie
    $400 3
pride (in top riders)

Darlene
    $600 18
Don Vito Corleone

Triple Stumper
    $600 13
Wings

Triple Stumper
    $1,000 8
Pontius Pilate

Darlene
    $600 23
(Darlene: Who is Cummings?)
...
(Alex: Less than a minute to go.)

T.S. Eliot

Darlene
Triple Stumper
    $600 4
gluttony (in glut Tony)

Darlene
    $800 19
Michael Douglas

Darlene
    $800 15
Teeth

Darlene
    $800 9
Jacob

Ryan
    $750 24
(Leslie: I don't know.)

Travels with Charley

Leslie
    $800 5
lust (in cluster)

Leslie
    $1000 20
John Huston

Darlene
    $1000 16
(Leslie: What are planktons?)

krill

Leslie
Triple Stumper
    $1000 10
Jonah

Ryan
    $1000 25
James Herriot

Darlene
    $1000 6
(Leslie: [No response])

greed (in filigree designs)

LeslieRyan

Scores at the end of the Double Jeopardy! Round:

Darlene Leslie Ryan
$9,700 -$1,250 $1,700
(lock game)

[wagering suggestions for these scores]

Final Jeopardy! Round responses

CONTROVERSIAL FOOD & DRINK
(Alex: Darlene, you will also receive what in the way of vehicles?)
(Darlene: The Camaros.)
RyanWhat is (beer?) wine?
$300
DarleneWhat is wine
$5,000
Coffee

Final scores:

Darlene Leslie Ryan
$4,700 -$1,250 $1,400
5-day champion: $35,197 3rd place: Yahoo! Shopping Spree 2nd place: Princess Cruises Caribbean Cruise

Game dynamics:

Coryat scores:

Darlene Leslie Ryan
$9,200 -$500 $1,700
24 R
(including 2 DDs),
3 W
4 R,
4 W
(including 1 DD)
6 R,
5 W

Combined Coryat: $10,400

[game clues] [game scores] [suggest correction]

Game tape date: 1999-10-26
The J! Archive is created by fans, for fans. Scraping, republication, monetization, and malicious use prohibited; this site may use cookies and collect identifying information. See terms. The Jeopardy! game show and all elements thereof, including but not limited to copyright and trademark thereto, are the property of Jeopardy Productions, Inc. and are protected under law. This website is not affiliated with, sponsored by, or operated by Jeopardy Productions, Inc. Join the discussion at JBoard.tv.